000 00646nam a22002177a 4500
003 UA-OsUOA
001 36325
007 ta
008 20060912b un ||||| |||| 00| 0 ukr d
090 _a015(477,8)
_bП27
942 _cBK
040 _aUA-OsUOA
_bukr
_cUA-OsUOA
_dUA-OsUOA
245 _aПеріодика Західної України 20-30-х рр. ХХ ст.
_bМатеріали до бібліографії
_c3
300 _a314 с.
955 _a1
041 _aukr
080 _a015(477,8)
260 _aЛьвів
_c2000
650 7 _a01 Бібліографія і бібліографії. Каталоги
_2UDC
999 _c434857
_d434857